[Event "Penang op-B 9th"]
[Site "Penang"]
[Date "2017.12.05"]
[Round "2"]
[White "Anisa, Aay Aisyah"]
[Black "Tay, Xiong Ze Darren Chr"]
[Result "1-0"]
[WhiteElo "1987"]
[BlackElo "1411"]
[PlyCount "79"]
[EventDate "2017.12.04"]
[EventType "swiss"]
[EventRounds "9"]
[EventCountry "MAS"]
[SourceTitle "CBM 182 Extra"]
[Source "ChessBase"]
[SourceDate "2018.02.23"]
[SourceVersion "1"]
[SourceVersionDate "2018.02.23"]
[SourceQuality "1"]

1. e4 c5 2. Nf3 d6 3. d4 cxd4 4. Nxd4 Nf6 5. Nc3 g6 6. Be3 Bg7 7. f3 0-0 8. Qd2 a6 9. g4 Nc6 10. h4 Nd7 11. h5 Nde5 12. Be2 e6 13. Nxc6 Nxc6 14. 0-0-0 b5 15. hxg6 fxg6 16. Qxd6 Qxd6 17. Rxd6 Ne5 18. f4 Nf7 19. Rb6 Nd8 20. Rd1 Bb7 21. Rxd8 Raxd8 22. Rxb7 Rf7 23. Rb6 Bd4 24. Bxd4 Rxd4 25. Rxe6 Rxf4 26. Nd5 Rf8 27. g5 Ra4 28. a3 Ra5 29. Re7 Rf7 30. Nf6+ Kg7 31. Re8 Rf8 32. Re5 h5 33. Bc4 Rxf6 34. gxf6+ Kxf6 35. Rd5 Ra4 36. Bd3 g5 37. Kd2 b4 38. Rf5+ Kg6 39. e5 bxa3 40. Rf4+ 1-0